000 00841cab a2200241 4500
001 WB2902-01
008 090401t1993 xxu||||| |||| 00| 0 eng d
035 _a(Sirsi) u25343
041 _aeng
245 _aFee cost allowed
260 _c1993
350 _a0
490 _aNew Builder
_v(157) 8 January 1993, 6(1)
520 _aThe High Court has ruled that companies using building specialists to represent them in arbitration cases can recover their consultants` costs if successful, even if the losing party disagrees.
650 _aARBITRATORS AWARDS
650 _aCOSTS
650 _aDC CONTRACTS
650 _aJAMES R KNOWLES
650 _aPIPER DOUBLE GLAZING LTD
690 _aMANAGEMENT-DISPUTE AVOIDANCE, MANAGEMENT AND RESOLUTION-DISPUTE MANAGEMENT AND RESOLUTION-ARBITRATION
942 _n0
948 _c04/03/1997
999 _c17012
_d17012